| 000 | 00414nam a2200121Ia 4500 | ||
|---|---|---|---|
| 008 | 220615s9999||||xx |||||||||||||| ||und|| | ||
| 100 | _aAlessandro Rozim Zorzi||João Batista de Miranda | ||
| 245 | 0 | _aPrimary Total Knee Arthroplasty | |
| 546 | _aEnglish[eng] | ||
| 650 | _aMedicine||Surgery||Orthopedics||Health Sciences | ||
| 856 | _uhttps://www.intechopen.com/books/primary-total-knee-arthroplasty | ||
| 942 | _cEB | ||
| 999 |
_c7694 _d7694 |
||